000 00728nam a2200289Ia 4500
005 20260324113806.0
008 008 260324s9999 xx 000 0 eng d
020 _a9781003401858
037 _aEBOOK
040 _aCRL
040 _beng
040 _cCRL
041 _2eng
041 _aeng
084 _qCRL
100 _aDanyal Ahmed
_91148189
245 2 _aA History of Artificially Intelligent Architecture
245 0 _bCase Studies from the USA, UK, Europe and Japan, 1949–1987
260 _bTaylor and Francis
260 _c2023
365 _a
365 _b230
856 _uhttp://www.taylorfrancis.com/books/9781003401858
942 _cEBOOK
999 _c1738023
_d1738023